000 00680nam a2200229Ia 4500
003 OSt
005 20220925211406.0
006 a|||||r|||| 00| 0
007 ta
008 220923b |||||||| |||| 00| 0 eng d
037 _cGeneral Book
040 _aRTL
_cRTL
_beng
041 _2eng
_aeng
082 _aX:77.44Q7.N6, K1
100 _aQureshi Anwar Iqbal
_976826
245 0 _aDevelopments in Pakistan economy since the revolut
260 _aKarachi
_bNabeel Publishing Pakistan
_c1961
300 _a195p.
_ccm.
650 _aEconomic Development
_917300
942 _hX:77.44Q7.N6, K1
_cGB
_2CC
999 _c557494
_d557494